00386nam a22001577a 450000500170000000800410001702000180005804100080007608200170008410000140010124500560011525000130017126000260018430000100021065000080022020200521150137.0200521b xxu||||| |||| 00| 0 eng d a9788175345581 aeng a340.0954 SIN aSingh,M.P aOutlines of Indian Legal and Constitutional History a8'th ed. aNew DelhibLexisnexis a220p. aLAW